| 000 | 00855cam a22002897a 4500 | ||
|---|---|---|---|
| 001 | 2556 | ||
| 005 | 20231215132308.0 | ||
| 020 | _a0816749639 (pbk.) | ||
| 020 | _a051487003503 | ||
| 020 | _a9780816749638 (pbk.) | ||
| 040 |
_aEOW _cEOW _dBTCTA _dBAKER _dDLC _beng |
||
| 050 | 0 | 0 |
_aTR679.5 _b.T45 1999 |
| 082 | _2818 | ||
| 100 | 1 | _aTeitelbaum, Michael | |
| 245 | 1 | 0 |
_aYou don't say! : _bside-splitting photo funnies / _cby Michael Teitelbaum. |
| 260 |
_aMahwa : _bTroll, _c1999 |
||
| 300 |
_a64 pages : _billustrations : _c20 cm |
||
| 500 | _aCover title. | ||
| 505 | _aJ | ||
| 520 | _aPhotos of animals with humorous captions. | ||
| 521 |
_a500 _bLexile estimate |
||
| 521 |
_aJ _bRaz-Plus |
||
| 650 | 0 | _aPhotography, Humorous. | |
| 650 | 0 |
_aAnimals _vPictorial works. |
|
| 906 |
_a7 _bcbc _ccopycat _d3 _eepcn _f20 _gy-gencatlg |
||
| 942 |
_2ddc _cBK _n0 |
||
| 999 |
_c2556 _d2556 |
||